000 00583nam a2200169 a 4500
008 080109s1984 ||||||||||||||||| || u
020 _a031477923x
050 _aQA 76 Man
100 _aMandell, Steven L
245 1 0 _aPrinciples of data processing. (3rd ed.)
250 _a3rd ed.
260 _aNew York:
_bWest Publishing
_c1984
300 _axii, 172p. : ill.
350 _a0.00
650 0 _aELECTRONIC DATA PROCESSING
995 _D0.00
_FCBU-MAIN LIBRARY (Kitwe)
_H1
_I12.95
_M1
_UAVAILABLE
_ZAnnex Low-Usage Collection
999 _c54545
_d54545